| 000 | 00648nam a2200181 a 4500 | ||
|---|---|---|---|
| 001 | 000036348 | ||
| 005 | 20200930075700.0 | ||
| 008 | 120113d1994 dr 000 0 spa | ||
| 040 |
_aDO-SdBNP _bspa _cBNPHU |
||
| 082 |
_a928.61 _cH519V |
||
| 100 | 1 |
_aValdez, Diógenes _c1941- _920511 |
|
| 245 | 1 | 0 |
_aBreve reseña biografica de Camila Henríquez Ureña / _cDiógenes Valdez. |
| 260 |
_aSanto Domingo : _bFeria Internacional del Libro, _c1994. |
||
| 300 |
_a9 p. : ; _c22 cm. |
||
| 500 | _aEn la cubierta: XXII Feria Nacional del Libro Camila | ||
| 590 | _aInventariado, 2018/VM | ||
| 600 | 1 | 4 |
_aHENRÍQUEZ UREÑA, CAMILA _d1894-1973 _vBIOGRAFÍAS _962522 |
| 999 |
_c35839 _d35839 |
||